Shopfitting (Record no. 106293)

MARC details
000 -LEADER
fixed length control field 01165cam a2200253 4500
001 - CONTROL NUMBER
control field L136047
008 - FIXED-LENGTH DATA ELEMENTS--GENERAL INFORMATION
fixed length control field 070104n2006 000 0 eng u
020 ## - INTERNATIONAL STANDARD BOOK NUMBER
International Standard Book Number 0580484106
035 ## - SYSTEM CONTROL NUMBER
System control number (Sirsi) u136047
041 0# - LANGUAGE CODE
Language code of text/sound track or separate title eng
050 04 - LIBRARY OF CONGRESS CALL NUMBER
Classification number 690.3 $2 18
110 2# - MAIN ENTRY--CORPORATE NAME
Corporate name or jurisdiction name as entry element National Association of Shopfitters
9 (RLIN) 5102
245 00 - TITLE STATEMENT
Title Shopfitting
Remainder of title management system specification
260 ## - PUBLICATION, DISTRIBUTION, ETC.
Place of publication, distribution, etc. London
Name of publisher, distributor, etc. British Standards Institution
Date of publication, distribution, etc. 2006
300 ## - PHYSICAL DESCRIPTION
Extent iv, 32p.
Dimensions 30cm.
505 1# - FORMATTED CONTENTS NOTE
Formatted contents note Scope -- Terms and conditions -- General requirements -- Premises -- Finance -- Health and safety management -- Environmental policy -- Knowledge, skills and experience -- Outsourcing -- Innovation and value engineering
520 ## - SUMMARY, ETC.
Summary, etc. Explains Publicly Available Specification 32, the purpose of which is to set out widely accepted quality standards. Focuses on standards relating to supply chain management, service capability, recognition of accreditation and training needs.
590 ## - LOCAL NOTE (RLIN)
Local note KA
650 24 - SUBJECT ADDED ENTRY--TOPICAL TERM
Topical term or geographic name entry element PUBLICLY AVAILABLE SPECIFICATION 82
650 24 - SUBJECT ADDED ENTRY--TOPICAL TERM
Topical term or geographic name entry element BRITISH STANDARDS INSTITUTION
651 #4 - SUBJECT ADDED ENTRY--GEOGRAPHIC NAME
Geographic name United Kingdom
Chronological subdivision
690 ## - LOCAL SUBJECT ADDED ENTRY--TOPICAL TERM (OCLC, RLIN)
Topical term or geographic name as entry element BUILT ENVIRONMENT-CONSTRUCTION DESIGN
942 ## - ADDED ENTRY ELEMENTS (KOHA)
Suppress in OPAC 0
Holdings
Withdrawn status Lost status Source of classification or shelving scheme Damaged status Not for loan Home library Current library Shelving location Date acquired Total Checkouts Full call number Barcode Date last seen Copy number Price effective from Koha item type
    Dewey Decimal Classification     London London Books 19/01/2007   690.3 NAT 30073549 06/08/2019 1 06/08/2019 Book